Fiesta bajo las bombas : los años ingleses /

Uloženo v:
Podrobná bibliografie
Hlavní autor: Canetti, Elias (autor)
Další autoři: Wachinger, Kristian (edición) (edición), Adler, Jeremy (epílogo) (epílogo)
Médium: Kniha
Jazyk:španělština
Vydáno: Barcelona, España : Galaxia Gutenberg : Círculo de Lectores, 2005, c2005
Témata:
Tagy: Přidat tag
Žádné tagy, Buďte první, kdo vytvoří štítek k tomuto záznamu!

MARC

LEADER 00000nam^a2200000^a^4500
001 000181691
005 20250522000000.0
009 20260310101939.582
020 |a 84-8109-404-8 
020 |a 84-672-0989-5 
037 |a Acervo ITESO - Biblioteca 
041 |a ESP 
082 |a 891. 81  |b CAN V. 4 
100 |a Canetti, Elias  |e (autor) 
240 1 1 |a [Autobiografía de Elias Canetti] 
240 1 1 |a [Fiesta bajo las bombas] 
245 1 0 |a Fiesta bajo las bombas :  |b los años ingleses /  |c E. Canetti ; ed. de K. Wachinger ; epílogo de J. Adler ; tr. por Genoveva Dieterich. 
264 4 |a Barcelona, España :  |b Galaxia Gutenberg :  |b Círculo de Lectores,  |c 2005, c2005 
300 |a 268 p. 
336 |a texto  |b txt  |2 rdacontenido 
337 |a sin mediación  |b n  |2 rdamedio 
338 |a volumen  |b nc  |2 rdasoporte 
545 0 |a Elias Canetti (Rutschuk, Bulgaria, 1905 - Zurich, Suiza, 1994) es uno de los grandes pensadores centroeuropeos del siglo XX, ganador del Premio Nobel de Literatura en 1981. Es autor de una obra que participa por igual de la literatura que de la filosofía, preocupada por los grandes problemas del hombre contemporáneo. Aunque el sefardí y el búlgaro fueron sus lenguas maternas, su idioma de escritura fue siempre el alemán, incluso en los convulsivos años del Tercer Reich. Auto de fe (1935), su única novela, pretendía ser la primera de una serie de siete, en torno a la locura. Sin embargo, pronto se vio atrapado por Masa y poder (1960), obra a la que dedicó una gran cantidad de años y en la cual se interroga sobre la manera en que se alimentan ambos fenómenos. La lengua absuelta (1977), La antorcha al oído ((1980) y El juego de ojos ((1985), constituyen por igual su autobiografía que una mirada a los grandes acontecimientos europeos; Fiesta bajo las bombas (2003), aunque publicada póstumamente, puede ser considerado el cuarto volumen de esas memorias. Otros de sus títulos son: La comedia de la vanidad (1952), La conciencia de las palabras (1975); La provincia del hombre (1973); y El corazón secreto del reloj ((1987). 
586 |a Premio Nobel de Literatura 1981 
649 |a XX 
650 |a Escritores Búlgaros -  |x Memorias 
650 |a Memorias Búlgaras 
650 |a Literatura Búlgara -  |y Siglo XX 
650 |a Literatura Autobiográfica -  |z Europa 
650 |a Literatura e Historia -  |z Europa 
650 |a Literatura en Alemán 
650 |a Inglaterra -  |x Historia -  |y Jorge VI, 1936-1952 
650 |a Inglaterra -  |x Historia -  |y Isabel II, 1952-2022 
650 |a Europa -  |x Historia -  |y 1939-1945 
650 |a Europa -  |x Historia -  |y 1918-1945 
650 |a Europa -  |x Historia -  |y 1945-1989 
650 |a Canetti, Elias -  |x Tema Principal 
700 |a Wachinger, Kristian  |e (edición) 
700 |a Adler, Jeremy  |e (epílogo) 
910 |a Fondo General 
920 |a Impresos - Libros 
930 |a Colección General 
940 |a Literatura 
905 |a 101 
901 |a 0500121429  |b IT1  |c LIT  |u 20250521 
902 |a https://opac.biblio.iteso.mx/vufind/Record/000181691